000 00817nam a2200253Ia 4500
003 OSt
005 20220918212641.0
006 a|||||r|||| 00| 0
007 ta
008 220917b |||||||| |||| 00| 0 eng d
024 _a129,613
037 _cTextual
040 _aARTS
_cARTS
_beng
041 _2eng
_aeng
082 _aX:271(D85).73aN7, L2
100 _aGiffer G J
_9124396
245 0 _aWater publications of state agencies
_b A bibliography of publications on water resources and their management published by the State of the United States
260 _aN York
_bWater Information
_c1972
300 _axxvii, 319p.
_ccm.
650 _aECONOMICS
700 _a Todd D K
_9124397
942 _hX:271(D85).73aN7, L2
_cTEXL
_2CC
999 _c252740
_d252740